00767aas a2200205 4500952009000000999001700090001001000107003001000117005001700127008004100144022001400185040004100199041000800240245003800248300004500286520014000331650001300471773006900484942000800553 001040708HEMaFUSBCbFUSBCd2016-01-26l0o r2016-01-26 00:00:00w2016-01-26yANA c63304d63304768714001CO-MdFUSB20171024084820.0171023s2010 ck ||||| |||| 00| 0 spa d a2145-8197 aCO-MdFUSBbspacCO-MdFUSBdCO-MdFUSB aspa 0aLlega la relatividadc/ El Tiempo aNúmero 1 (2010), página 36c: 28 cm.1 aEl científico Albert Einstein sostiene que la estructura del espacio y el fluir del tiempo no son atributos absolutos ni universales.14aHISTORIA0 tdk100049432959938gNúmero 1 (2010), página 36qPágina 36 cANA